Ostatné miestne dane a poplatky

V zmysle zákona o miestnych daniach sú okrem dane z nehnuteľností ďalšími miestnymi daňami, ktoré môže ukladať obec daň za psa, daň za užívanie verejného priestranstva, daň za ubytovanie, daň za predajné automaty, daň za nevýherné hracie prístroje, daň za vjazd a zotrvanie motorového vozidla v histo...

ver descrição completa

Na minha lista:
Detalhes bibliográficos
Autor principal: Mintál, Ján
Formato: Capítulo de Livro
Idioma:eslovaco
Assuntos:
Tags: Adicionar Tag
Sem tags, seja o primeiro a adicionar uma tag!

MARC

LEADER 00000naa a2200000 4500
001 0300258
005 20241113103930.4
041 0 |a slo 
044 |a SK 
245 1 0 |a Ostatné miestne dane a poplatky  |c Ján Mintál 
520 |a V zmysle zákona o miestnych daniach sú okrem dane z nehnuteľností ďalšími miestnymi daňami, ktoré môže ukladať obec daň za psa, daň za užívanie verejného priestranstva, daň za ubytovanie, daň za predajné automaty, daň za nevýherné hracie prístroje, daň za vjazd a zotrvanie motorového vozidla v historickej časti mesta a daň za jadrové zariadenie. 
610 2 0 |a dane miestne 
610 2 0 |a poplatky miestne 
610 2 0 |a správa verejná 
610 2 0 |a dane z nehnuteľností 
610 2 0 |a daňovníci 
610 2 0 |a zákony 
610 2 0 |a priestranstvo verejné 
100 1 |a Mintál, Ján